000 00650nam a2200157 4500
999 _c14491
_d14491
008 190928b ||||| |||| 00| 0 eng d
022 _a00223514
082 _aDPer 302.05 J82 July-Sept 2016 v. 111, n. 1-3.
100 _940038
_aSolomon, Brittany C.
245 _aKnowledge of identity and reputation:
_bdo people have knowledge of others' perceptions?/
_cBrittany C. Solomon and Simine Vazire.
260 _aWashington DC:
_bAmerican Psychological Association,
_c©2016.
300 _av111 n3, pages 341-366 :
_billustrations ;
_c27 cm.
650 _aInterpersonal relations.
_941052
700 _940040
_aVazire, Simine.
_eAuthor.
942 _2ddc
_cPER